000 00658cam a2200229 4500500
005 20260405002228.0
041 _afre
042 _adc
100 1 0 _aGarnier, Philippe
_eauthor
245 0 0 _aYves Michaud: “Un scepticisme de combat”
260 _c2016.
500 _a41
690 _aEnquête
690 _aphilosophie
690 _aPolitique
690 _aRéel
690 _aScepticisme
690 _aSystème
690 _aYves Michaud
786 0 _nPhilosophie magazine | 100 | 6 | 2016-06-01 | p. 41-41 | 1951-1787
856 4 1 _uhttps://shs.cairn.info/magazine-philosophie-magazine-2016-6-page-41?lang=fr&redirect-ssocas=7080
999 _c2055609
_d2055609